000
00329nam a22001457a 4500
003
SGT
020
_a
81806159X
082
_a
610
_b
SOO
100
_a
SOOD RAMNIK
245
_a
TEXTBOOK OF MEDICAL LABORATORY TECHNOLOGY
260
_b
JAYPEE BROTHERS.
_c
2006
300
_a
1281
650
_a
PHYSICAL SCIENCE
942
_2
ddc
_c
BK
999
_c
15767
_d
15767